What the Bible teaches. (Record no. 3372)

000 -LEADER
fixed length control field 00696nam a2200205 a 4500
001 - CONTROL NUMBER
control field :::00001102$&:&@@
003 - CONTROL NUMBER IDENTIFIER
control field OkBaRHE
005 - DATE AND TIME OF LATEST TRANSACTION
control field 20000607103241.0
008 - FIXED-LENGTH DATA ELEMENTS--GENERAL INFORMATION
fixed length control field s1962 j 000 0 eng u
040 ## - CATALOGING SOURCE
Transcribing agency
100 1# - MAIN ENTRY--PERSONAL NAME
Personal name Smith, F. G. (Frederick George), 1880-
245 10 - TITLE STATEMENT
Title What the Bible teaches.
260 ## - PUBLICATION, DISTRIBUTION, ETC. (IMPRINT)
Place of publication, distribution, etc Anderson, IN., :
Name of publisher, distributor, etc Gospel Trumpet Company
Date of publication, distribution, etc 1962
300 ## - PHYSICAL DESCRIPTION
Extent 576 p. ;
Dimensions 20 cm.
650 ## - SUBJECT ADDED ENTRY--TOPICAL TERM
Topical term or geographic name as entry element Bible
General subdivision Theology
700 ## - ADDED ENTRY--PERSONAL NAME
Personal name Jones, Kenneth E., Ed.
942 ## - ADDED ENTRY ELEMENTS (KOHA)
Source of classification or shelving scheme
Koha item type Books
Copies
Barcode Price effective from Source of classification or shelving scheme Not for loan Date last seen Shelving location Lost status Koha item type Permanent Location Damaged status Full call number Copy number Date acquired Withdrawn status
11022010-04-14  2018-02-16General Stacks BooksRHEMA Bible Training College BS 543 .A3S612010-04-14 
158682010-04-14  2018-02-16General Stacks BooksRHEMA Bible Training College BS 543 .A3S622010-04-14